Normal view
MARC view
Entry Personal Name
001 - CONTROL NUMBER
- control field: 22862
003 - CONTROL NUMBER IDENTIFIER
- control field: OSt
005 - DATE AND TIME OF LATEST TRANSACTION
- control field: 20211213171808.0
008 - FIXED-LENGTH DATA ELEMENTS
- fixed length control field: 211213|| aca||aabn | a|a d
040 ## - CATALOGING SOURCE
- Original cataloging agency: OSt
- Transcribing agency: OSt
100 ## - HEADING--PERSONAL NAME
- Personal name: Weber.RON
670 ## - SOURCE DATA FOUND
- Source citation: Work cat.: (OSt)22458: Weber.RON., EDP AUDITINGCONCEPTUAL FOUNDATIONS ANDPRACTICE, 1982